[Event "Rheinland Pfalz op 7th"]
[Site "Frankenthal"]
[Date "2015.06.07"]
[Round "7"]
[White "Sulic, Kresimir"]
[Black "Knapp, Michael"]
[Result "1-0"]
[WhiteElo "2089"]
[BlackElo "1959"]
[PlyCount "59"]
[EventDate "2015.06.04"]
[EventType "swiss"]
[EventRounds "7"]
[EventCountry "GER"]
[SourceTitle "EXT 2017"]
[Source "ChessBase"]
[SourceDate "2016.10.25"]
[SourceVersion "1"]
[SourceVersionDate "2016.10.25"]
[SourceQuality "1"]

1. e4 e6 2. d4 d5 3. e5 c5 4. c3 Nc6 5. Nf3 cxd4 6. cxd4 Qb6 7. a3 a5 8. Nc3 Nge7 9. Na4 Qa7 10. Be3 b6 11. Nc3 Nf5 12. Bd3 Nxe3 13. fxe3 Be7 14. Qe2 Bd7 15. 0-0 0-0 16. Kh1 f5 17. exf6 Bxf6 18. Nb5 Qb8 19. e4 Na7 20. Nc3 Qb7 21. e5 Be7 22. Qe3 Rf7 23. Nxd5 exd5 24. e6 Bxe6 25. Qxe6 Bf6 26. Ne5 Bxe5 27. Rxf7 Qxf7 28. Bxh7+ Kf8 29. Qxe5 Rd8 30. Kg1 1-0

[Event "Rheinland Pfalz op 6th"]
[Site "Gau Algesheim"]
[Date "2014.06.19"]
[Round "1"]
[White "Knapp, Michael"]
[Black "Muckle, Richard"]
[Result "1-0"]
[WhiteElo "1978"]
[BlackElo "1536"]
[PlyCount "131"]
[EventDate "2014.06.19"]
[EventType "swiss"]
[EventRounds "7"]
[EventCountry "GER"]
[SourceTitle "CBM 161 Extra"]
[Source "ChessBase"]
[SourceDate "2014.08.29"]
[SourceVersion "1"]
[SourceVersionDate "2014.08.29"]
[SourceQuality "1"]

1. d4 d5 2. c4 dxc4 3. e3 c5 4. Bxc4 cxd4 5. Nf3 e6 6. Qxd4 Bb4+ 7. Nbd2 Qxd4 8. Nxd4 a6 9. 0-0 Ne7 10. Ne4 b5 11. Bd3 Nec6 12. a3 Nxd4 13. axb4 Ndc6 14. Bxb5 0-0 15. Bxc6 Nxc6 16. b5 Nb4 17. Nc5 Rd8 18. e4 Bd7 19. Bd2 Bxb5 20. Bxb4 Bxf1 21. Kxf1 Rd4 22. Bc3 Rc4 23. Rxa6 Rxa6 24. Nxa6 Rxe4 25. f3 Ra4 26. Nc7 Rc4 27. Ne8 f6 28. Nd6 Rc6 29. Ne4 Kf7 30. Ke2 Ke7 31. g4 f5 32. Bb4+ Kf7 33. Nd6+ Kg6 34. Kd3 fxg4 35. fxg4 Kg5 36. Nc4 Kh4 37. Be1+ Kh3 38. Bg3 Rc8 39. Ne5 Rd8+ 40. Kc3 Rc8+ 41. Nc4 Kxg4 42. b4 h5 43. b5 g5 44. b6 h4 45. Be5 Kh3 46. b7 Rd8 47. Nb6 g4 48. Nc8 g3 49. hxg3 hxg3 50. Bxg3 Kxg3 51. b8Q+ Kg4 52. Qc7 Rd5 53. Ne7 Rg5 54. Qc4+ Kh5 55. Qe2+ Kh4 56. Qxe6 Rg3+ 57. Kd2 Rg2+ 58. Ke3 Rg1 59. Qh6+ Kg3 60. Nf5+ Kg2 61. Nh4+ Kg3 62. Qg5+ Kh2 63. Nf3+ Kh3 64. Nxg1+ Kh2 65. Kf2 Kh1 66. Qh6# 1-0

[Event "Karl Mala Memorial op-A 16th"]
[Site "Frankfurt"]
[Date "2013.07.11"]
[Round "1"]
[White "Knapp, Michael"]
[Black "Schmitt, Lars"]
[Result "1/2-1/2"]
[WhiteElo "1965"]
[BlackElo "1631"]
[PlyCount "73"]
[EventDate "2013.07.11"]
[EventType "swiss"]
[EventRounds "7"]
[EventCountry "GER"]
[SourceTitle "EXT 2014"]
[Source "ChessBase"]
[SourceDate "2013.11.20"]
[SourceVersion "1"]
[SourceVersionDate "2013.11.20"]
[SourceQuality "1"]

1. d4 e6 2. c4 Nf6 3. Nf3 b6 4. g3 Bb7 5. Bg2 Be7 6. Nc3 Ne4 7. Qc2 Nxc3 8. bxc3 Nc6 9. 0-0 Na5 10. Nd2 Bxg2 11. Kxg2 0-0 12. e4 d6 13. Qa4 f5 14. Ba3 Qe8 15. Qxe8 Raxe8 16. Rae1 f4 17. e5 d5 18. Bxe7 Rxe7 19. cxd5 exd5 20. Rb1 a6 21. f3 g5 22. g4 Kf7 23. h4 h6 24. hxg5 hxg5 25. Rh1 Kg6 26. Rh5 Rff7 27. Rbh1 Rh7 28. Rxh7 Rxh7 29. Rxh7 Kxh7 30. Kf2 Kg6 31. Ke2 b5 32. Kd3 Kf7 33. Kc2 Ke6 34. Kb2 Nc4+ 35. Nxc4 dxc4 36. a4 c6 37. axb5 1/2-1/2

[Event "Pfalz op 03rd"]
[Site "Neustadt an der Weinstrasse"]
[Date "2012.02.20"]
[Round "3"]
[White "Hoehler, Waldemar"]
[Black "Knapp, Michael"]
[Result "1/2-1/2"]
[WhiteElo "1927"]
[BlackElo "2024"]
[PlyCount "62"]
[EventDate "2012.02.17"]
[EventType "swiss"]
[EventRounds "9"]
[EventCountry "GER"]
[SourceTitle "EXT 2013"]
[Source "ChessBase"]
[SourceDate "2012.11.22"]
[SourceVersion "1"]
[SourceVersionDate "2012.11.22"]
[SourceQuality "1"]

1. Nf3 Nf6 2. b3 d5 3. Bb2 c5 4. e3 Bg4 5. Be2 Nc6 6. 0-0 e6 7. d3 Be7 8. h3 Bxf3 9. Bxf3 0-0 10. Nd2 Qc7 11. g3 Rad8 12. e4 d4 13. Bg2 e5 14. h4 g6 15. Bh3 Nh5 16. Bc1 Ng7 17. Nf3 f5 18. exf5 Nxf5 19. Nd2 Nd6 20. Bg2 Kh8 21. Ne4 Nxe4 22. Bxe4 Nb4 23. Bh6 Rf7 24. a4 Nd5 25. Bxd5 Rxd5 26. Qe2 Bf8 27. Bd2 Bg7 28. Qe4 Rd8 29. Rae1 Qd7 30. Qg2 Qf5 31. Re2 Rdf8 1/2-1/2

[Event "Rheinland Pfalz op 3rd"]
[Site "Gau Algesheim"]
[Date "2011.07.28"]
[Round "1"]
[White "Knapp, Michael"]
[Black "Ramminger, Heinz"]
[Result "1-0"]
[WhiteElo "1981"]
[BlackElo "1483"]
[PlyCount "63"]
[EventDate "2011.07.28"]
[EventType "swiss"]
[EventRounds "7"]
[EventCountry "GER"]
[SourceTitle "EXT 2013"]
[Source "ChessBase"]
[SourceDate "2012.11.22"]
[SourceVersion "1"]
[SourceVersionDate "2012.11.22"]
[SourceQuality "1"]

1. d4 Nf6 2. c4 e6 3. Nf3 d5 4. Nc3 Be7 5. Bf4 a6 6. e3 0-0 7. Rc1 c6 8. Bd3 dxc4 9. Bxc4 Nd5 10. Bg3 Nd7 11. 0-0 N7b6 12. Bd3 Bd7 13. Ne4 Rc8 14. Qb3 Be8 15. Nc5 Rb8 16. Bxb8 Qxb8 17. e4 Nf4 18. Qxb6 Bxc5 19. dxc5 Nxd3 20. Rcd1 Nf4 21. g3 Nd5 22. exd5 exd5 23. Rfe1 Bd7 24. Re3 Bg4 25. Rde1 Bxf3 26. Rxf3 Rd8 27. Rfe3 Kf8 28. Re7 d4 29. Qxb7 Qxb7 30. Rxb7 d3 31. Rb6 d2 32. Rd1 1-0

[Event "SVR-ch MAT-I 34th"]
[Site "Reil"]
[Date "2011.04.16"]
[Round "3"]
[White "Knapp, Michael"]
[Black "Eske, Alexander"]
[Result "1-0"]
[WhiteElo "1982"]
[BlackElo "1771"]
[PlyCount "125"]
[EventDate "2011.04.15"]
[EventType "tourn"]
[EventRounds "9"]
[EventCountry "GER"]
[SourceTitle "EXT 2013"]
[Source "ChessBase"]
[SourceDate "2012.11.22"]
[SourceVersion "1"]
[SourceVersionDate "2012.11.22"]
[SourceQuality "1"]

1. d4 Nf6 2. c4 g6 3. Nc3 Bg7 4. e4 d6 5. f3 0-0 6. Be3 Nc6 7. Nge2 e5 8. d5 Ne7 9. g4 Ne8 10. Qd2 f5 11. gxf5 gxf5 12. h4 f4 13. Bf2 Rf6 14. 0-0-0 Rh6 15. Bh3 Bxh3 16. Rxh3 Qd7 17. Rh2 Nf6 18. Rg1 Kh8 19. Kb1 a6 20. Nc1 Rg8 21. Nd3 Nh5 22. Ne2 Bf6 23. Rxg8+ Kxg8 24. c5 Rg6 25. Qb4 dxc5 26. Nxc5 Qc8 27. Qxb7 Qxb7 28. Nxb7 Ng3 29. Bxg3 fxg3 30. Rg2 Bxh4 31. Nc5 c6 32. Nd7 cxd5 33. Nxe5 Re6 34. f4 dxe4 35. Nxg3 Bxg3 36. Rxg3+ Kf8 37. Re3 Ng6 38. Rxe4 Nxe5 39. fxe5 h5 40. Kc2 Re8 41. Kd3 Rd8+ 42. Ke3 Ke7 43. Ra4 Rb8 44. b3 Rb6 45. Kf4 Rg6 46. Kf5 Kf7 47. Rc4 Rg2 48. Rc7+ Kg8 49. e6 Kf8 50. a4 h4 51. Rh7 Ra2 52. Ke5 h3 53. Kd6 Rd2+ 54. Kc5 h2 55. b4 Re2 56. b5 axb5 57. axb5 Rxe6 58. Rxh2 Re5+ 59. Kc6 Re6+ 60. Kb7 Re7+ 61. Ka6 Re6+ 62. b6 Ke8 63. Rd2 1-0

[Event "Nuremberg LGA Cup 7th"]
[Site "Nuremberg"]
[Date "2010.09.03"]
[Round "2"]
[White "Beesk, Kevin"]
[Black "Knapp, Michael"]
[Result "0-1"]
[WhiteElo "1547"]
[BlackElo "1989"]
[PlyCount "84"]
[EventDate "2010.09.02"]
[EventType "swiss"]
[EventRounds "7"]
[EventCountry "GER"]
[SourceTitle "CBM 138 Extra"]
[Source "ChessBase"]
[SourceDate "2010.10.29"]
[SourceVersion "1"]
[SourceVersionDate "2010.10.29"]
[SourceQuality "1"]

1. Nc3 d5 2. e4 d4 3. Nce2 c5 4. Ng3 Nc6 5. Nf3 Nf6 6. a3 g6 7. Bc4 Bg7 8. d3 Qc7 9. 0-0 Bg4 10. h3 Bxf3 11. Qxf3 0-0 12. Ba2 Rac8 13. Qd1 b5 14. Ne2 Nh5 15. Rb1 a5 16. Bd2 b4 17. axb4 Nxb4 18. Bxb4 cxb4 19. Bb3 Kh8 20. Ra1 Be5 21. Qd2 Qb6 22. f4 Bc7 23. Rf3 e6 24. Ng3 Ng7 25. Kh1 Qc5 26. Ba4 Bd8 27. Raf1 Bh4 28. Ne2 Rc7 29. Ng3 Ne8 30. Ne2 Nd6 31. Ng3 Nc8 32. Ra1 Nb6 33. Bb3 Ra8 34. e5 Bxg3 35. Rxg3 a4 36. Bxa4 Rxa4 37. Rxa4 Nxa4 38. b3 Nb6 39. Rf3 Nd5 40. Rf2 Ne3 41. Qc1 Qc3 42. Kh2 Qxd3 0-1

[Event "Nuremberg LGA Cup 7th"]
[Site "Nuremberg"]
[Date "2010.09.03"]
[Round "3"]
[White "Knapp, Michael"]
[Black "Lauterbach, Ingrid"]
[Result "0-1"]
[WhiteElo "1989"]
[BlackElo "2169"]
[PlyCount "96"]
[EventDate "2010.09.02"]
[EventType "swiss"]
[EventRounds "7"]
[EventCountry "GER"]
[SourceTitle "CBM 138 Extra"]
[Source "ChessBase"]
[SourceDate "2010.10.29"]
[SourceVersion "1"]
[SourceVersionDate "2010.10.29"]
[SourceQuality "1"]

1. d4 d6 2. c4 e5 3. dxe5 dxe5 4. Qxd8+ Kxd8 5. Nf3 f6 6. g3 c6 7. Bg2 Be6 8. b3 Nd7 9. 0-0 Kc7 10. Nc3 g6 11. Rd1 Nh6 12. Ne4 Nf7 13. Be3 Be7 14. Rac1 Rad8 15. Rc2 Bf5 16. Ne1 Nd6 17. f3 Nxe4 18. fxe4 Be6 19. Nd3 b6 20. b4 Rhe8 21. a3 Nf8 22. Nf2 Rxd1+ 23. Nxd1 a6 24. c5 b5 25. Nf2 Bb3 26. Rd2 Ne6 27. Bh3 Rd8 28. Bxe6 Bxe6 29. Rxd8 Bxd8 30. g4 f5 31. h3 Bf6 32. Kg2 fxe4 33. g5 Bg7 34. Nxe4 Bd5 35. Kf3 Kd7 36. Bd2 Ke6 37. Ke3 h6 38. h4 hxg5 39. hxg5 Kf5 40. Nc3 Bc4 41. Kf2 e4 42. Nd1 Bd4+ 43. Be3 Be5 44. Bd2 Bd5 45. Ne3+ Ke6 46. Bc1 Bb3 47. Kg2 Bf4 48. Kf2 Bxg5 0-1

[Event "Dortmund Sparkassen op"]
[Site "Dortmund"]
[Date "2008.07.05"]
[Round "8"]
[White "Knapp, Michael"]
[Black "Kunz, Konstantin"]
[Result "0-1"]
[WhiteElo "1964"]
[BlackElo "2198"]
[PlyCount "55"]
[EventDate "2008.06.30"]
[EventType "swiss"]
[EventRounds "9"]
[EventCountry "GER"]
[SourceTitle "CBM 125 Extra"]
[Source "ChessBase"]
[SourceDate "2008.09.01"]
[SourceVersion "1"]
[SourceVersionDate "2008.09.01"]
[SourceQuality "1"]

1. d4 Nf6 2. c4 e6 3. Nf3 b6 4. a3 Ba6 5. Nbd2 c5 6. e3 Be7 7. Be2 0-0 8. 0-0 Nc6 9. Qc2 Rc8 10. Rd1 Qc7 11. dxc5 bxc5 12. b3 Rb8 13. Bb2 Rb7 14. Bc3 d5 15. Bd3 h6 16. h3 Rd8 17. Rab1 Rbb8 18. g4 d4 19. exd4 Nxd4 20. Bxd4 cxd4 21. b4 Bb7 22. Re1 Qf4 23. Qd1 Bd6 24. c5 Bc7 25. b5 Bd5 26. Bc4 d3 27. Qb3 Bxf3 28. Nxf3 0-1

[Event "Dortmund Sparkassen op"]
[Site "Dortmund"]
[Date "2008.07.01"]
[Round "2"]
[White "Knapp, Michael"]
[Black "Krallmann, Matthias"]
[Result "0-1"]
[WhiteElo "1964"]
[BlackElo "2276"]
[PlyCount "92"]
[EventDate "2008.06.30"]
[EventType "swiss"]
[EventRounds "9"]
[EventCountry "GER"]
[SourceTitle "CBM 125 Extra"]
[Source "ChessBase"]
[SourceDate "2008.09.01"]
[SourceVersion "1"]
[SourceVersionDate "2008.09.01"]
[SourceQuality "1"]

1. d4 d5 2. c4 dxc4 3. e3 Nf6 4. Bxc4 e6 5. Nf3 c5 6. 0-0 a6 7. dxc5 Qxd1 8. Rxd1 Bxc5 9. a3 b5 10. Be2 Bb7 11. b4 Be7 12. Bb2 Nbd7 13. Nbd2 0-0 14. Rac1 Rac8 15. Ne5 Nxe5 16. Bxe5 Nd7 17. Bd4 Rfd8 18. Nb3 Bd5 19. Rxc8 Rxc8 20. Rc1 Rxc1+ 21. Nxc1 e5 22. Bb2 f6 23. Bd1 Kf7 24. Bb3 Ke6 25. e4 Bxb3 26. Nxb3 Nb6 27. f3 Nc4 28. Bc1 Kd7 29. Kf2 Kc6 30. Ke2 Kb6 31. Be3+ Kb7 32. Bc1 a5 33. bxa5 Ka6 34. Kd3 Nxa3 35. Bd2 b4 36. Bc1 Kb5 37. Bxa3 bxa3 38. Kc2 Bb4 39. a6 Kxa6 40. Na1 Kb5 41. Kb3 Bc5 42. Nc2 a2 43. Kxa2 Kc4 44. Kb2 Kd3 45. h4 h5 46. Kb3 Bf2 0-1

[Event "SVR-chB"]
[Site "Nickenich"]
[Date "1998.04.??"]
[Round "?"]
[White "Daumen, Michael"]
[Black "Knapp, Michael"]
[Result "1-0"]
[WhiteElo "1930"]
[BlackElo "1960"]
[PlyCount "69"]
[EventDate "1998.04.??"]
[EventType "tourn"]
[EventRounds "9"]
[EventCountry "GER"]
[SourceTitle "EXT 2000"]
[Source "ChessBase"]
[SourceDate "1999.11.16"]
[SourceVersion "1"]
[SourceVersionDate "1999.11.16"]
[SourceQuality "1"]

1. e4 e6 2. d3 d5 3. Nd2 c5 4. Ngf3 Nc6 5. g3 Bd6 6. Bg2 Nf6 7. 0-0 0-0 8. Qe2 Qc7 9. Re1 dxe4 10. dxe4 e5 11. c3 a6 12. Nc4 Be7 13. a4 h6 14. Ne3 Be6 15. Nh4 Rad8 16. Nhf5 Kh7 17. Qc2 Kg8 18. h4 Rd7 19. g4 Rfd8 20. Qe2 Na5 21. g5 hxg5 22. hxg5 Nh7 23. Nd5 Bxd5 24. Nxe7+ Rxe7 25. exd5 Nb3 26. Rb1 Nxc1 27. Rbxc1 Rde8 28. Qg4 f6 29. g6 Ng5 30. Be4 Rd7 31. c4 Rd6 32. Bf5 b5 33. axb5 axb5 34. f4 bxc4 35. fxg5 1-0